00383nam a2200121Ia 4500008004100000082001900041100002500060245001800085260006200103300001000165630001800175650006800193211109s9999||||xx |||||||||||||| ||und|| a891.436bAVA-V aAvasthi, Devishankar 0aVivek Ke Rang bRajkamal Prakashan Pvt Ltd DelhiaOxford City Pressc1900 a283p. xGeneral stack aHindi literaturevHindi fictionxLiterature & rhetoricGeneralia